[Event "Sonora op 2nd"]
[Site "Sonora"]
[Date "2024.06.14"]
[Round "2"]
[White "Kazuhiro Shikasho, Erik"]
[Black "Siqueira, Weslley Costa"]
[Result "1/2-1/2"]
[WhiteElo "1860"]
[BlackElo "1800"]
[PlyCount "60"]
[EventDate "2024.06.13"]
[EventType "swiss"]
[EventRounds "6"]
[EventCountry "BRA"]
[SourceTitle "CBM 220 Extra"]
[Source "ChessBase"]
[SourceDate "2024.07.31"]
[SourceVersion "1"]
[SourceVersionDate "2024.07.31"]
[SourceQuality "1"]

1. e4 c5 2. Nf3 d6 3. d4 cxd4 4. Nxd4 Nf6 5. Nc3 a6 6. Bg5 e6 7. f4 h6 8. Bh4 Qb6 9. a3 Be7 10. Bf2 Qc7 11. Be2 Nc6 12. Qd2 e5 13. Nf5 Bxf5 14. exf5 Rb8 15. 0-0 0-0 16. Bf3 b5 17. g4 exf4 18. Qxf4 Ne5 19. Bd4 b4 20. axb4 Rxb4 21. Rxa6 Nxf3+ 22. Rxf3 Rxb2 23. g5 hxg5 24. Qxg5 Qc4 25. Ra5 Rb5 26. Rxb5 Qxb5 27. Re3 Ra8 28. Kg2 Qb7+ 29. Kh3 Qh1 30. Rg3 Qf1+ 1/2-1/2